|
|
|
|
| LEADER |
00000nam0a2200000 4500 |
| 001 |
123081 |
| 005 |
20231031130351.0 |
| 035 |
|
|
|a (RuTPU)RU\TPU\book\133249
|
| 090 |
|
|
|a 123081
|
| 100 |
|
|
|a 20071011d1989 km y0rusy50 ca
|
| 101 |
0 |
|
|a rus
|
| 102 |
|
|
|a RU
|
| 105 |
|
|
|a af z 001zy
|
| 200 |
1 |
|
|a Биофациальный анализ при палеогеографических реконструкциях
|e сборник научных трудов
|f Сибирский научно-исследовательский институт геологии, геофизики и минерального сырья (СНИИГГИМС) ; под ред. В. С. Суркова
|
| 210 |
|
|
|a Новосибирск
|c [Б. и.]
|d 1989
|
| 215 |
|
|
|a 128 с.
|c ил.
|
| 225 |
1 |
|
|a Труды СНИИГГиМС
|x 0583-1822
|
| 320 |
|
|
|a Библиография в конце статей
|
| 610 |
1 |
|
|a сборники
|
| 610 |
1 |
|
|a биофациальный анализ
|
| 610 |
1 |
|
|a палеографические реконструкции
|
| 610 |
1 |
|
|a палеография
|
| 675 |
|
|
|a 551.8
|v 3
|
| 702 |
|
1 |
|a Сурков
|b В. С.
|4 340
|
| 712 |
0 |
2 |
|a Сибирский научно-исследовательский институт геологии, геофизики и минерального сырья (СНИИГГиМС)
|c (Новосибирск)
|2 stltpush
|3 (RuTPU)RU\TPU\col\322
|
| 801 |
|
1 |
|a RU
|b 63413507
|c 20071011
|g PSBO
|
| 801 |
|
2 |
|a RU
|b 63413507
|c 20231010
|g PSBO
|
| 942 |
|
|
|c BK
|